Nomeie os livros bíblicos do Novo Testamento - Questionário Bíblico - Statistics

Estatísticas Gerais
  • Esse quiz foi jogado 164 vezes
  • A pontuação média é 18 de 27
Estatísticas das Respostas
Resposta % Correto
Mateus
95%
João
93%
Apocalipse
87%
Lucas
87%
Marcos
84%
Atos
77%
Judas
72%
Romanos
67%
1 Pedro
66%
2 Pedro
66%
Gálatas
64%
1 Coríntios
63%
2 Coríntios
63%
2 João
62%
1 João
61%
Filipenses
60%
Tiago
60%
3 João
59%
Colossenses
59%
Efésios
59%
Tito
55%
Hebreus
55%
1 Tessalonicenses
49%
2 Tessalonicenses
49%
1 Timóteo
48%
2 Timóteo
48%
Filemon
45%
Nenhum quiz correspondente encontrado
Distribuição das Pontuações
Porcentagem de Pessoas com Cada Pontuação
Percentil de Números Respondidos
Sua Pontuação Histórica
Você não jogou esse quiz